00329cam a22001217a 4500008004000000082001600040100002300056245004500079260002500124300001000149650001800159650003000177180718b1986 xxu||||| |||| 00| 0 eng d aZ09x54 K897 aKrishnan-Kutty, G. aPeasantry in Indiacby G. Krishnan-Kutty aDelhibAbhinavc1986 a129p. a(Written off) aPeasant uprisings - India